Problemas y soluciones en terapia familiar y de pareja / (Registro nro. 62610)
[ vista simple ]
| 000 -LEADER | |
|---|---|
| fixed length control field | 00737nam a2200241 a 4500 |
| 001 - CONTROL NUMBER | |
| control field | 62610 |
| 005 - DATE AND TIME OF LATEST TRANSACTION | |
| control field | 20180714064712.0 |
| 008 - FIXED-LENGTH DATA ELEMENTS--GENERAL INFORMATION | |
| fixed length control field | 150519s2009 sp 000 0 spa d |
| 020 ## - INTERNATIONAL STANDARD BOOK NUMBER | |
| International Standard Book Number | 978-84-750-9850-0 |
| 082 0# - DEWEY DECIMAL CLASSIFICATION NUMBER | |
| Classification number | 616.89156 |
| Item number | CAR |
| 100 1# - MAIN ENTRY--PERSONAL NAME | |
| Personal name | Carpenter, J. A. |
| 245 10 - TITLE STATEMENT | |
| Title | Problemas y soluciones en terapia familiar y de pareja / |
| Statement of responsibility, etc. | J. A. Carpenter. |
| 250 ## - EDITION STATEMENT | |
| Edition statement | Primera edición |
| 264 #1 - PRODUCTION, PUBLICATION, DISTRIBUTION, MANUFACTURE, AND COPYRIGHT NOTICE | |
| Place of production, publication, distribution, manufacture | España : |
| Name of producer, publisher, distributor, manufacturer | Paidós ; |
| Date of production, publication, distribution, manufacture, or copyright notice | 2009 |
| 300 ## - PHYSICAL DESCRIPTION | |
| Extent | 284 páginas : ; |
| Dimensions | 22 cm. |
| 336 ## - CONTENT TYPE | |
| Content type term | texto |
| Source | rdacontent |
| 337 ## - MEDIA TYPE | |
| Media type term | sin mediación |
| Source | rdamedia |
| 338 ## - CARRIER TYPE | |
| Carrier type term | volumen |
| Source | rdacarrier |
| 490 0# - SERIES STATEMENT | |
| Series statement | Paidós Terapia Fmiliar |
| Volume/sequential designation | 52 |
| 500 ## - GENERAL NOTE | |
| General note | colección CEFAS |
| 650 #4 - SUBJECT ADDED ENTRY--TOPICAL TERM | |
| Topical term or geographic name entry element | Terapia Familiar |
| 700 1# - ADDED ENTRY--PERSONAL NAME | |
| Personal name | Treacher, Andrew. |
| Withdrawn status | Lost status | Source of classification or shelving scheme | Damaged status | Not for loan | Collection code | Home library | Current library | Shelving location | Date acquired | Source of acquisition | Inventory number | Total Checkouts | Full call number | Barcode | Date last seen | Date last checked out | Price effective from | Koha item type |
|---|---|---|---|---|---|---|---|---|---|---|---|---|---|---|---|---|---|---|
| Dewey Decimal Classification | General | Biblioteca Karol Wojtyla | Biblioteca Karol Wojtyla | Sala general | 19/05/2015 | Compra | 151000000000000000008411 | 1 | 616.89156 CAR 2009 | 93850 | 05/01/2026 | 17/08/2023 | 04/06/2015 | Libro |